| 000 | 00466nam a2200169Ia 4500 | ||
|---|---|---|---|
| 008 | 210210b2003 xxu||||| |||| 00| 0 eng d | ||
| 020 | _a81 224 1268 8 | ||
| 082 | _a547.139 KALO | ||
| 100 | _aKALSI (P S). | ||
| 245 | _aOrganic reactions and their mechanisms. Ed. 2 | ||
| 250 | _a | ||
| 260 |
_aND _bNew Age Inaternational Ltd., _c2003 |
||
| 300 | _axv,650 | ||
| 650 | _aOrganic reactions and their mechanisms | ||
| 690 | _aOrganic Chemistry | ||
| 906 | _a059182 | ||
| 999 |
_c106313 _d106313 |
||